header

The lopsided ape (Record no. 211472)

MARC details
000 -LEADER
fixed length control field 01148nam a2200313Ia 4500
100 1# - MAIN ENTRY--AUTHOR NAME
Personal name Corballis, Michael C.
245 14 - TITLE STATEMENT
Title The lopsided ape
260 ## - PUBLICATION, DISTRIBUTION, ETC. (IMPRINT)
Place of publication New York ;
-- Oxford :
Name of publisher Oxford University Press,
Year of publication 1991.
300 ## - PHYSICAL DESCRIPTION
Number of Pages vii, 366 p.
650 #0 - SUBJECT ADDED ENTRY--TOPICAL TERM
Topical Term Laterality.
Topical Term Brain
Topical Term Human evolution.
856 40 - ELECTRONIC LOCATION AND ACCESS
Uniform Resource Identifier http://site.ebrary.com/lib/rucke/Doc?id=10358286

No items available.

© 2026 Rongo University
Contact us: librarian | system librarian | Rongo university